| 000 | 00871cab a2200229 4500 | ||
|---|---|---|---|
| 001 | ABS45888 | ||
| 008 | 090401t xxu||||| |||| 00| 0 eng d | ||
| 035 | _a(Sirsi) u55733 | ||
| 041 | _aeng | ||
| 100 | _aBlows, N. | ||
| 245 | _aAlternative dispute resolution | ||
| 260 | _c2(3) Winter 1991/92, 380-382(3) | ||
| 350 | _a0 | ||
| 490 |
_aJournal of Property Finance _v2(3) Winter 1991/92, 380-382(3) |
||
| 520 | _aHighlights features of alternative dispute resolution (ADR) and considers the advantages of the system to banks and financial institutions in resolving commercial disputes. | ||
| 650 | _aALTERNATIVE DISPUTE RESOLUTION | ||
| 650 |
_aDISPUTE RESOLUTION _96236 |
||
| 690 | _aMANAGEMENT-DISPUTE AVOIDANCE, MANAGEMENT AND RESOLUTION-DISPUTE MANAGEMENT AND RESOLUTION-ARBITRATION | ||
| 690 | _aFINANCE AND INVESTMENT | ||
| 942 | _n0 | ||
| 948 | _c04/03/1997 | ||
| 999 |
_c34070 _d34070 |
||